MARC details
| 000 -CABECERA |
| campo de control de longitud fija |
04309nam a2200481Ia 4500 |
| 001 - NÚMERO DE CONTROL |
| campo de control |
dia_4645 |
| 003 - IDENTIFICADOR DEL NÚMERO DE CONTROL |
| campo de control |
CHAP |
| 005 - FECHA Y HORA DE LA ÚLTIMA TRANSACCIÓN |
| campo de control |
20241031131512.0 |
| 007 - CAMPO FIJO DE DESCRIPCIÓN FÍSICA--INFORMACIÓN GENERAL |
| campo de control de longitud fija |
ta |
| 008 - DATOS DE LONGITUD FIJA--INFORMACIÓN GENERAL |
| campo de control de longitud fija |
220117s2010 mx frm 001 0 spa d |
| 010 ## - NÚMERO DE CONTROL DE LA BIBLIOTECA DEL CONGRESO |
| Número de control de LC |
175323 |
| 040 ## - FUENTE DE LA CATALOGACIÓN |
| Centro/agencia transcriptor |
CHAP |
| Centro catalogador/agencia de origen |
mxchpua |
| Normas de descripción |
rda |
| 090 ## - LOCALMENTE ASIGNADO TIPO-LC NÚMERO DE CLASIFICACIÓN (OCLC); NÚMERO DE CLASIFICACIÓN LOCAL (RLIN) |
| Número de clasificación (OCLC) (R) ; Numero de clasificación, CALL (RLIN) (NR) |
Tesis |
| Número cutter local (OCLC) ; Número de libro/Signatura topográfica íntegra, CALL (RLIN) |
R39 |
| año |
2010 |
| 100 1# - ENTRADA PRINCIPAL--NOMBRE DE PERSONA |
| Nombre de persona |
Razo Guerra, José Juan Carlos |
| 240 10 - TÍTULO UNIFORME |
| Título uniforme |
Tecnical-economic study of feasibility for installation of an industrializing of persian lemon (Citrus latifolia, Persian) in Insurgentes Socialista, Papantla, Veracruz. |
| Lenguaje de la obra |
Español |
| 245 10 - MENCIÓN DE TÍTULO |
| Título |
Estudio de factibilidad técnico-económico para la instalación de una industrializadora de limón persa (Citrus latifolia, Persian) en Insurgentes Socialista, Papantla, Veracruz / |
| Mención de responsabilidad, etc. |
José Juan Carlos Razo Guerra |
| 264 ## - PRODUCCIÓN, PUBLICACIÓN, DISTRIBUCIÓN, FABRICACIÓN Y COPYRIGHT |
| Producción, publicación, distribución, fabricación y copyright |
Chapingo, México : |
| Nombre del de productor, editor, distribuidor, fabricante |
El autor, |
| Fecha de producción, publicación, distribución, fabricación o copyright |
2010 |
| 300 ## - DESCRIPCIÓN FÍSICA |
| Extensión |
vi, 78 hojas : |
| Otras características físicas |
mapas, gráficas, planos + |
| Material acompañante/anejo |
1 CD-ROM |
| 336 ## - TIPO DE CONTENIDO |
| Fuente |
rdacontent |
| Término de tipo de contenido |
texto |
| Código de tipo de contenido |
txt |
| 337 ## - TIPO DE MEDIO |
| Fuente |
rdamedia |
| Nombre/término del tipo de medio |
no mediado |
| Código del tipo de medio |
n |
| 338 ## - TIPO DE SOPORTE |
| Fuente |
rdacarrier |
| Nombre/término del tipo de soporte |
volumen |
| Código del tipo de soporte |
nc |
| 500 ## - NOTA GENERAL |
| Nota general |
El CD contiene reporte |
| 502 ## - NOTA DE TESIS |
| Nota de tesis |
Tesis |
| Tipo de título |
(Ingeniero Agroindustrial) -- |
| Nombre de la institución que otorga el título |
UACh. Departamento de Ingeniería Agroindustrial, |
| Año de obtención del título |
2010 |
| 504 ## - NOTA DE BIBLIOGRAFÍA, ETC. |
| Nota de bibliografía, etc. |
Bibliografía: hojas 75-77 |
| 505 ## - NOTA DE CONTENIDO CON FORMATO |
| Nota de contenido con formato |
2 planos --<br/>1. Plano de distribución de equipo (Esc. 1:180) --<br/>2. Plano de recorrido del producto |
| 520 3# - SUMARIO, ETC. |
| Sumario, etc. |
El presente estudio reúne un conjunto de antecedentes técnicos y económicos, para determinar la factibilidad, rentabilidad y nivel de riesgo sobre el establecimiento de una industrializadora de limón persa (Citrus latifolia, Persian) en el municipio de Papantla, Veracruz. El municipio de Papantla, es uno de los mayores productores de limón persa del estado, además se reporta una tendencia creciente en la producción, la cual demanda el mercado nacional. Por tal motivo el presente estudio surge como una necesidad de obtener un mayor beneficio de la producción de este fruto al darle valor agregado. Para este proyecto se determinó que es necesaria una inversión de $18, 863,976.28 y tras analizar su comportamiento en un horizonte de 10 años, los indicadores financieros obtenidos fueron: una TIR de 52.0% y una VAN de $103, 909,356.00. Se determinó también mediante un análisis de sensibilidad que aún cuando los costos variables aumenten, el valor de la TIR y la VAN, en la evaluación del proyecto siguen siendo aceptables. Finalmente se concluye que la instalación y puesta en marcha de este proyecto es técnica y económicamente viable. -- |
| 520 3# - SUMARIO, ETC. |
| Sumario, etc. |
This study has as its purpose to collect of technical and economic antecedents, to determine the feasibility, profitability and risk level on the establishment of an industrializing Persian lime (Citrus latifolia, Persian) in the Papantla town, Veracruz. The Papantla towm is one of the more producers of Persian lemon in the state, besides an increasing trend is reported in the production which sues the national market. The present study arises like a need to obtain a bigger benefit of the production of this fruit to give added value. For this project it was determined that it is necessary an investment of $18, 863, 976.28 Mexican pesos and after analyzing their behavior in a horizon of 10 years, the financial indicators obtained were: a TIR of 52.0% and a VAN of $ 103, 909,356.00. It was also determined through a sensitivity analysis that even when the variable costs increase, the value of the TIR and the VAN in project evaluation are still acceptable. Finally it was concluded that the installation and setting in march of this project is technically and economically feasible. |
| 650 13 - PUNTO DE ACCESO ADICIONAL DE MATERIA--TÉRMINO DE MATERIA |
| Término de materia o nombre geográfico como elemento de entrada |
Iniciativa empresarial |
| Subdivisión geográfica |
México |
| -- |
Veracruz |
| Fuente del encabezamiento o término |
atg |
| 650 13 - PUNTO DE ACCESO ADICIONAL DE MATERIA--TÉRMINO DE MATERIA |
| Término de materia o nombre geográfico como elemento de entrada |
Limones |
| Subdivisión general |
Industria y comercio |
| Fuente del encabezamiento o término |
atg |
| 650 13 - PUNTO DE ACCESO ADICIONAL DE MATERIA--TÉRMINO DE MATERIA |
| Término de materia o nombre geográfico como elemento de entrada |
Entrepreneurship |
| Subdivisión geográfica |
Mexico |
| -- |
Veracruz |
| Fuente del encabezamiento o término |
atg |
| 650 13 - PUNTO DE ACCESO ADICIONAL DE MATERIA--TÉRMINO DE MATERIA |
| Término de materia o nombre geográfico como elemento de entrada |
Lemons |
| Subdivisión general |
Industry and trade |
| Fuente del encabezamiento o término |
atg |
| 700 1# - PUNTO DE ACCESO ADICIONAL--NOMBRE DE PERSONA |
| Nombre de persona |
Ponce Hernández, Pedro |
| Término indicativo de función/relación |
director |
| 700 1# - PUNTO DE ACCESO ADICIONAL--NOMBRE DE PERSONA |
| Nombre de persona |
Ascencio Rivera, J. Rogelio |
| Término indicativo de función/relación |
asesor |
| 700 1# - PUNTO DE ACCESO ADICIONAL--NOMBRE DE PERSONA |
| Nombre de persona |
Szymanski Duque, Rosa Guadalupe |
| Término indicativo de función/relación |
asesora |
| 856 41 - LOCALIZACIÓN Y ACCESO ELECTRÓNICOS |
| Identificador Uniforme del Recurso |
<a href="http://10.13.5.2/tesis/110251.pdf">http://10.13.5.2/tesis/110251.pdf</a> |
| Texto de enlace |
DESCARGAR PDF |
| 901 ## - ELEMENTOS DE DATOS A LOCAL LDA (RLIN) |
| a |
TESIS R39 2010 |
| 942 ## - ELEMENTOS DE PUNTO DE ACCESO ADICIONAL (KOHA) |
| Tipo de ítem Koha |
TESIS |
| Fuente del sistema de clasificación o colocación |
Clasificación Universidad Autónoma Chapingo |
| 902 ## - ELEMENTOS DE DATOS B LOCAL, LDB (RLIN) |
| a |
M |
| 905 ## - ELEMENTOS DE DATOS E LOCAL, LDE (RLIN) |
| a |
5232272010 mx dnml8223123322spa16 |